| 000 | 00435nam a2200157Ia 4500 | ||
|---|---|---|---|
| 008 | 231217s9999 xx 000 0 und d | ||
| 020 | _a813140630x | ||
| 041 | _aEnglish | ||
| 082 | _a658.4 RAM;1 R | ||
| 100 | _aRamani, V V ed. | ||
| 245 | 0 | _aCorporate governance : cases and country experiences | |
| 260 |
_c2007 _bIcfai _aHyderabad |
||
| 300 | _aviii, 186 | ||
| 650 | _aCorporate,governance,country,experiences | ||
| 942 | _cAA | ||
| 999 |
_c189990 _d189990 |
||